000
00364nam a22001337a 4500
003
SGT
020
_a
9789395386081
082
_a
891.4309
_b
E22M
100
_a
मित्तल, विष्णु
245
_a
ऐसे थे भारत के गांव
260
_b
प्रभात प्रकाशन
_c
2022
300
_a
160
942
_2
ddc
_c
BK
999
_c
29777
_d
29777